
Library Catalogue

| 000 -LEADER | |
|---|---|
| fixed length control field | 01139nam a2200217Ia 4500 |
| 003 - CONTROL NUMBER IDENTIFIER | |
| control field | OSt |
| 005 - DATE AND TIME OF LATEST TRANSACTION | |
| control field | 20210205131456.0 |
| 008 - FIXED-LENGTH DATA ELEMENTS--GENERAL INFORMATION | |
| fixed length control field | 160316s2004 xxu||||| |||| 00| 0 eng d |
| 020 ## - INTERNATIONAL STANDARD BOOK NUMBER | |
| International Standard Book Number | 9780521530217 |
| 040 ## - CATALOGING SOURCE | |
| Transcribing agency | . |
| 082 ## - DEWEY DECIMAL CLASSIFICATION NUMBER | |
| Classification number | 320.01 |
| Item number | JAC |
| 100 ## - MAIN ENTRY--PERSONAL NAME | |
| Personal name | Jacobs Lesley A |
| 245 ## - TITLE STATEMENT | |
| Title | Pursuing equal opportunities : The theory and practice of egalitarian justice |
| 260 ## - PUBLICATION, DISTRIBUTION, ETC. | |
| Place of publication, distribution, etc. | Cambridge |
| Name of publisher, distributor, etc. | Cambridge University Press |
| Date of publication, distribution, etc. | 2004 |
| 300 ## - PHYSICAL DESCRIPTION | |
| Extent | 280p |
| Dimensions | xiii |
| 365 ## - TRADE PRICE | |
| Price amount | Rs. 1,338 |
| 505 ## - FORMATTED CONTENTS NOTE | |
| Formatted contents note | Table of Contents;<br/> Part I Retrieving Equality of Opportunity;<br/>1. Introduction<br/>2. Equal opportunities as a regulative ideal<br/>3. Equal opportunity without natural inequalities<br/>Part II Race:<br/>4. Equal opportunities and civil rights: merit, standardized tests, and higher education<br/>5. Integration, diversity, and affirmative action<br/>Part III Class:<br/>6. Justifying workfare<br/>7. Universal access to health care<br/>Part IV Gender:<br/>8. Gender inequalities in the workplace<br/>9. Equal opportunities after divorce.<br/>Conclusion;<br/> Bibliography;<br/> Index.<br/> |
| 650 ## - SUBJECT ADDED ENTRY--TOPICAL TERM | |
| Topical term or geographic name entry element | 1. Equality - U S A2. Social Justice - U S |
| 700 ## - ADDED ENTRY--PERSONAL NAME | |
| Personal name | |
| -- | |
| 942 ## - ADDED ENTRY ELEMENTS (KOHA) | |
| Source of classification or shelving scheme | Dewey Decimal Classification |
| Koha item type | BOOKs |
| Withdrawn status | Lost status | Damaged status | Not for loan | Home library | Current library | Shelving location | Date acquired | Cost, normal purchase price | Total Checkouts | Full call number | Barcode | Date last seen | Price effective from | Koha item type |
|---|---|---|---|---|---|---|---|---|---|---|---|---|---|---|
| . | . | 30.05.2017 | 1338.00 | 320.01 JAC | 21103 | 30.05.2017 | 30.05.2017 | BOOKs |